000 00693nam a2200241 i 4500
001 bg
245 0 0 _aElementy informatyki :
_bpodręcznik /
_cEwa Gurbiel [et al.] ; pod red. Macieja M. Sysły.
250 _aWyd. 3 zm.
260 _aWarszawa :
_bWydaw. Naukowe PWN,
_c1993.
300 _a302, [1] s. :
_brys., wykr. ;
_c24 cm.
504 _aBibliogr. s. 296-297. - Indeks.
650 9 _aInformatyka
655 _aPodręczniki szkolne
700 1 _aSYSŁO, Maciej Marek.
_eRed.
700 1 _aGURBIEL, Ewa.
020 _a8301113669
040 _cBPK
041 0 _apl
080 _a004(075.3)
920 _a83-01-11366-9
942 _cKS
008 s pl f |000 0 pol
999 _c36997
_d36997
856 _uhttp://koha.tu.koszalin.pl/cgi-bin/koha/opac-detail.pl?biblionumber=36997
_yKatalog online BPK